Firearms Quiz (tough) - Statistics

General Stats
  • This quiz has been taken 428 times
  • The average score is 5 of 12
Answer Stats
Question Answer % Correct
What do SKS (Samozaryadny Karabin sistemy Simonova) and Sturmgewehr 44 have in common? The same principle of locking the bolt.
67%
Which one of those was the first military firearm to use smokeless powder ammunition Lebel Model 1886 rifle
57%
Which one of those is a GAS-SEAL revolver? Nagant M1895
57%
Which one of those was designed by a blind man? MCM pistol/Margolin
51%
What Belgian city is known for producing firearms? Liège
45%
Which of the modern, popular firearms uses the same locking mechanism as Walther P.38 Beretta 92
43%
Which one of those was the first polymer-framed PISTOL Heckler & Koch VP70
39%
Which one of those was NOT designed by John Moses Browning M1903 Springfield
39%
On who's design is the famous Pistole Parabellum (A.K.A. Luger pistol or P08) Hugo Borchardt
30%
Why was the charging handle of ArmaLite AR-10 and AR-15 relocated from under the carrying handle to the rear of the upper receiver? It was getting too hot to touch during shooting
22%
Frommer Stop pistol utilizes: long recoil operation
19%
What's special about the design of Jäger Pistole? It's mostly made out of sheet metal
13%
No matching quizzes found
Score Distribution
Percent of People with Each Score
Percentile by Number Answered
Your Score History
You have not taken this quiz